Statistics for New Hampshire Towns and Cities

Click here to take the quiz!

General Stats

  • This quiz has been taken 293 times
  • The average score is 64 of 234

Answer Stats

CountyCity/Town% Correct
MerrimackConcord
91%
HillsboroughManchester
90%
HillsboroughNashua
87%
RockinghamPortsmouth
79%
CheshireKeene
75%
HillsboroughMerrimack
75%
RockinghamHampton
69%
StraffordDover
67%
RockinghamDerry
67%
MerrimackHill
62%
RockinghamSalem
62%
CoösBerlin
61%
GraftonLebanon
60%
RockinghamLondonderry
60%
GraftonGrafton
60%
BelknapLaconia
57%
StraffordRochester
57%
GraftonPlymouth
57%
StraffordDurham
55%
HillsboroughHillsborough
55%
GraftonLincoln
55%
CarrollConway
54%
GraftonHanover
53%
HillsboroughBedford
51%
RockinghamExeter
50%
MerrimackFranklin
50%
CoösPittsburg
47%
SullivanClaremont
46%
RockinghamRye
46%
RockinghamChester
45%
CoösCarroll
43%
CheshireJaffrey
43%
HillsboroughAmherst
41%
HillsboroughPeterborough
41%
HillsboroughNew Boston
41%
BelknapTilton
40%
MerrimackHooksett
40%
HillsboroughHollis
40%
MerrimackBow
40%
CheshireSullivan
39%
StraffordStrafford
39%
BelknapMeredith
38%
GraftonFranconia
38%
HillsboroughPelham
38%
GraftonLittleton
37%
RockinghamEpping
36%
RockinghamKingston
36%
HillsboroughMilford
36%
MerrimackHenniker
36%
CoösJefferson
35%
RockinghamSeabrook
35%
HillsboroughHudson
34%
MerrimackNew London
34%
CarrollOssipee
34%
BelknapGilford
33%
RockinghamWindham
33%
CoösLancaster
32%
MerrimackAndover
32%
CarrollJackson
32%
RockinghamAuburn
32%
HillsboroughGoffstown
32%
BelknapAlton
32%
RockinghamNewington
31%
CoösGorham
31%
GraftonWoodstock
31%
RockinghamPlaistow
31%
SullivanWashington
31%
StraffordLee
30%
SullivanSunapee
30%
MerrimackLoudon
30%
CheshireRindge
30%
RockinghamHampton Falls
30%
RockinghamRaymond
29%
HillsboroughBrookline
29%
CheshireDublin
29%
HillsboroughGreenfield
28%
SullivanNewport
28%
RockinghamNorth Hampton
28%
CarrollMadison
28%
RockinghamNorthwood
28%
MerrimackHopkinton
28%
RockinghamDeerfield
27%
RockinghamNewton
27%
RockinghamNottingham
27%
RockinghamGreenland
27%
GraftonAshland
27%
CoösErrol
26%
RockinghamNew Castle
26%
RockinghamCandia
26%
HillsboroughWeare
26%
RockinghamStratham
26%
RockinghamKensington
26%
GraftonBethlehem
26%
CoösColebrook
26%
HillsboroughLitchfield
26%
CarrollAlbany
26%
CarrollWolfeboro
26%
StraffordMilton
25%
StraffordSomersworth
25%
RockinghamNewmarket
25%
MerrimackAllenstown
24%
CarrollMoultonborough
24%
HillsboroughWilton
23%
MerrimackEpsom
23%
HillsboroughNew Ipswich
23%
CarrollSandwich
23%
HillsboroughMason
23%
MerrimackNewbury
23%
MerrimackCanterbury
23%
HillsboroughGreenville
23%
MerrimackChichester
23%
MerrimackNorthfield
23%
GraftonCanaan
23%
SullivanSpringfield
22%
RockinghamSouth Hampton
22%
MerrimackWarner
22%
CheshireMarlborough
22%
CheshireWinchester
22%
MerrimackPittsfield
22%
HillsboroughMont Vernon
22%
SullivanAcworth
22%
GraftonBristol
22%
HillsboroughAntrim
22%
CarrollEffingham
22%
BelknapGilmanton
22%
StraffordFarmington
22%
HillsboroughBennington
22%
BelknapBelmont
22%
GraftonHolderness
22%
RockinghamNewfields
21%
GraftonHaverhill
21%
CarrollHart's Location
21%
CarrollFreedom
21%
GraftonLyme
20%
SullivanCharlestown
20%
BelknapCenter Harbor
20%
CheshireHinsdale
20%
CarrollBartlett
20%
GraftonEaston
20%
CheshireAlstead
20%
SullivanGrantham
20%
CarrollWakefield
19%
CarrollTamworth
19%
HillsboroughDeering
19%
CheshireTroy
19%
CheshireSwanzey
19%
MerrimackSutton
19%
RockinghamBrentwood
19%
GraftonLisbon
19%
MerrimackBradford
19%
GraftonEnfield
19%
GraftonWarren
19%
GraftonMonroe
19%
GraftonAlexandria
19%
RockinghamAtkinson
19%
CoösWhitefield
19%
BelknapNew Hampton
19%
CoösRandolph
18%
CheshireHarrisville
18%
MerrimackDanbury
18%
SullivanGoshen
18%
GraftonBath
18%
BelknapBarnstead
18%
RockinghamEast Kingston
18%
CoösDummer
17%
GraftonCampton
17%
HillsboroughWindsor
17%
CoösStratford
17%
CheshireChesterfield
17%
CoösMilan
17%
RockinghamHampstead
17%
MerrimackWebster
17%
GraftonOrange
17%
RockinghamSandown
16%
MerrimackSalisbury
16%
StraffordNew Durham
16%
GraftonRumney
16%
CarrollTuftonboro
16%
StraffordMadbury
16%
HillsboroughTemple
16%
CheshireWalpole
16%
RockinghamDanville
16%
HillsboroughFrancestown
16%
HillsboroughHancock
16%
GraftonDorchester
16%
GraftonGroton
16%
GraftonWaterville Valley
16%
StraffordBarrington
16%
GraftonSugar Hill
15%
SullivanLempster
15%
BelknapSanbornton
15%
SullivanPlainfield
15%
StraffordMiddleton
15%
CheshireRoxbury
15%
CoösColumbia
15%
MerrimackPembroke
14%
SullivanCornish
14%
MerrimackDunbarton
14%
CarrollBrookfield
14%
StraffordRollinsford
14%
CheshireFitzwilliam
13%
RockinghamFremont
13%
CheshireRichmond
13%
CoösClarksville
13%
CoösNorthumberland
13%
GraftonWentworth
13%
SullivanUnity
13%
CoösDalton
13%
GraftonThornton
13%
CarrollEaton
13%
CheshireNelson
12%
CheshireGilsum
12%
MerrimackWilmot
12%
SullivanCroydon
12%
GraftonOrford
12%
HillsboroughLyndeborough
12%
GraftonHebron
12%
CheshireStoddard
12%
CoösStewartstown
12%
CoösStark
12%
HillsboroughSharon
12%
GraftonLyman
12%
CarrollChatham
11%
CheshireWestmoreland
11%
GraftonBenton
10%
GraftonEllsworth
10%
GraftonLandaff
10%
GraftonBridgewater
10%
CoösShelburne
10%
GraftonPiermont
9%
MerrimackBoscawen
9%
CheshireSurry
9%
CheshireMarlow
8%
SullivanLangdon
8%

Score Distribution

Percentile by Number Answered

Percent of People with Each Score

Your Score History

You have not taken this quiz